[Event "Cup European Club (final)"]
[Site "masterchessopen.com Rethymnon (Greece)"]
[Round "5"]
[White "Gagunashvili Merab (GEO)"]
[Black "Macieja Bartlomiej (POL)"]
[Result "0-1"]
[WhiteElo "2567"]
[BlackElo "2613"]

{ Gagunashvili Merab (GEO) +1 =0 -0 Macieja Bartlomiej (POL) +7 =7 -4 } 1.d4 {
1 } 1...Nf6 2.c4 e6 3.Nc3 Bb4 4.Qc2 c5 5.dxc5 O-O 6.a3 Bxc5 7.Nf3 b6 8.Bg5 Bb7
9.e4 h6 10.Bh4 Be7 11.Rd1 Nh5 { ? } 12.Bg3 { } ( 12.Bxe7 Qxe7 13.Be2 ( 13.Bd3
Nf4 14.O-O { } ) 13...Nf4 14.O-O f5 15.Rfe1 Na6 16.exf5 Rxf5 17.Nd5 Nxe2+
18.Rxe2 Qf7 19.Ne7+ Qxe7 20.Qxf5 Rf8 21.Qg4 Bxf3 22.gxf3 Nb8 23.b4 a5 24.b5
Qxa3 25.Re3 Qc5 26.Qd4 Qc7 27.Kg2 Rf5 28.Qd6 Qb7 29.h4 Kf7 30.Rd4 a4 { 1-0,
Georgiev Kiril 2676 - Perunovic Milos 2488 , Jahorina 2003 Ch Bosnia &
Herzegovina (team) } ) 12...a6 ( 12...Nxg3 13.hxg3 a6 14.e5 Qc7 15.Ne4 Nc6
16.Nf6+ Bxf6 17.exf6 Ne5 18.fxg7 Nxf3+ 19.gxf3 Kxg7 20.Qc3+ f6 21.Be2 Rf7
22.Rd4 d5 23.Rg4+ Kf8 24.Rxh6 Ke7 25.Rg7 Rxg7 26.Qxf6+ Ke8 27.Qxe6+ { 1-0,
Gagunashvili Merab 2563 - Mirzoeva Elmira 2256 , Dubai 2003 It (open) } ) (
12...f5 13.Bxb8 Rxb8 14.Nd4 fxe4 15.Nxe6 Qe8 16.Nxf8 Bxf8 17.Qd2 e3 18.fxe3
Bc5 19.Nd5 Qe5 20.b4 Be7 21.Qd4 Qg5 22.Be2 Bf6 23.Qg4 Bxd5 24.Qxg5 Bxg5
25.Rxd5 Nf6 26.Rd3 Re8 27.Kf2 Re4 28.Rc1 Re5 29.Bf3 d6 30.Rcd1 Kf7 31.g3 h5
32.h3 { ...1-0, Nadera Barlo A 2405 - Norris Damian C 2170 , Genting Highlands
1995 Zt } ) 13.e5 { N } ( 13.Be2 Nxg3 14.hxg3 Nc6 15.e5 Qc7 16.Nd5 exd5
17.cxd5 Rfe8 18.Rh5 Bf8 19.dxc6 Qxc6 20.Qb3 b5 21.Kf1 Rad8 22.Rh4 Qe6 23.Qc2
d6 24.exd6 Rxd6 25.Rxd6 Qxd6 26.Kg1 Qc5 27.Qd2 Qb6 28.Bf1 Bd6 29.Qd4 Bc5
30.Qd2 Rd8 31.Qc2 Be7 32.Rf4 Bf6 { ...0-1, Korchnoi Viktor 2642 - Macieja
Bartlomiej 2629 , Bled 2002 Olympiad } ) 13...Bxf3 14.gxf3 Qc7 15.f4 d6 16.f5
dxe5 { ! } ( 16...Nxg3 { ? } 17.hxg3 Qb7 18.Rh2 dxe5 { } ) 17.fxe6 fxe6 { ! }
( 17...Nxg3 { ? } 18.Nd5 Qb7 19.hxg3 Nc6 { } ) 18.Qg6 Nf6 { ? } ( { ? }
18...Nxg3 19.Qxe6+ Kh8 20.hxg3 Bc5 { } ) 19.Rg1 Rf7 20.Bh3 Qxc4 21.Rd5 { ?! }
( 21.Bxe5 { !? } 21...Nc6 22.Bxf6 Bxf6 23.Ne4 { } ) 21...Qc6 22.Rxe5 Nbd7
23.Rxe6 Qc4 24.Re3 Nf8 25.Qd3 Qb3 26.Bg2 { ?! } ( 26.Re2 { !? } 26...Rd8
27.Qc2 Qxc2 28.Rxc2 { } ) 26...Rd8 27.Nd5 Qxb2 28.Rxe7 Qa1+ 29.Ke2 Qa2+ { ? }
( { ? } 29...Qxg1 30.Nxf6+ Rxf6 31.Qxd8 Qxg2 { } ) 30.Kf1 Nxd5 31.Re2 { ! } (
31.Bxd5 { ? } 31...Rxd5 32.Qe4 Rd1+ 33.Kg2 { } ) 31...Ne3+ 32.Qxe3 { ! } (
32.Rxe3 { ? } 32...Rxd3 33.Rxd3 Qb1+ 34.Ke2 { } ) 32...Rd1+ 33.Re1 Qc4+ 34.Qe2
Rxe1+ { } {#R} 0-1

[Event "Cup European Club (final)"]
[Site "masterchessopen.com Rethymnon (Greece)"]
[Round "1"]
[White "Kasparov Garry (RUS)"]
[Black "Chuchelov Vladimir (BEL)"]
[Result "1-0"]
[WhiteElo "2813"]
[BlackElo "2571"]

{ Kasparov Garry (RUS) +1 =1 -0 Chuchelov Vladimir (BEL) +2 =3 -1 } 1.d4 { 1 }
1...Nf6 2.c4 e6 3.Nc3 Bb4 4.Qc2 c5 5.dxc5 O-O 6.a3 Bxc5 7.Nf3 b6 ( 7...Be7
8.Bf4 Nh5 9.Bd2 Nc6 10.e3 Nf6 11.Bd3 d5 12.O-O dxc4 13.Bxc4 Qc7 14.Bd3 Bd7
15.Ne4 Nxe4 16.Bxe4 h6 17.Bc3 Rac8 18.Rac1 Rfd8 19.b4 a6 20.Qb2 Bf8 21.Bb1 Ne7
22.Be5 Qb6 23.Bd4 Qb5 24.Rc5 Rxc5 25.Bxc5 Be8 26.h3 Nf5 27.Bxf8 { ...1/2-1/2,
Dorfman Josif D 2600 - Chuchelov Vladimir 2535 , Mondariz 2000 Zt } ) 8.Bf4
Nh5 ( 8...Bb7 9.Rd1 Nh5 10.Ng5 g6 11.Bc1 Be7 12.Nf3 Bxf3 13.exf3 Bg5 14.f4 Bh6
15.g3 Nc6 16.Bg2 Rc8 17.Qa4 Bg7 18.Nb5 d5 19.cxd5 exd5 20.O-O d4 21.Rfe1 a5
22.Bh3 f5 23.Bf1 Kh8 24.Bc4 Nf6 25.Be6 Nd7 26.Qc4 Na7 27.Qf1 Nxb5 28.Qxb5 {
...1-0, Ivanchuk Vassily 2730 - Zvjaginsev Vadim 2650 , Elista 1998 Cup
President (play-off) } ) ( 8...Nc6 9.e3 Bb7 10.Be2 Be7 11.Rd1 Rc8 12.O-O Na5
13.b3 d5 14.Qb2 Qe8 15.cxd5 Nxd5 16.Bb5 Qd8 17.Nxd5 exd5 18.Be5 f6 19.Bg3 Bd6
20.Nd4 Bxg3 21.hxg3 Qe7 22.Rc1 Qe5 23.Qe2 Rxc1 24.Rxc1 Rc8 25.Rxc8+ Bxc8 26.b4
Nb7 27.Qc2 Qb8 28.Bd3 { ...1-0, Gurevich Mikhail 2649 - Riazantsev Alexander
2537 , Batumi 2002 Ch Europe } ) 9.Bg5 Be7 { ? } 10.h4 ( 10.Bxe7 Qxe7 11.e4
Bb7 12.Rd1 f5 13.Bd3 Nf4 14.O-O a5 15.Qd2 Na6 16.Bb1 fxe4 17.Nxe4 Nc5 18.Rfe1
a4 19.Qd6 Qxd6 20.Rxd6 Rab8 21.g3 Nh3+ 22.Kg2 Rxf3 23.Nxc5 bxc5 24.Kxh3 Rxf2
25.Rxd7 Bg2+ 26.Kh4 Bc6 27.Rc7 Rxh2+ 28.Kg4 Be8 29.Kf4 Rhxb2 { ...1-0,
Gurevich Mikhail 2610 - Gulko Boris F 2585 , New York 1998 It (open) } )
10...Bb7 11.O-O-O { } ( 11.e3 Na6 12.Be2 f6 13.Ne5 d6 14.O-O-O Qe8 15.Bd3 f5
16.Nf3 Nc5 17.Nd4 Qf7 18.Be2 Nf6 19.f3 h6 20.Bxf6 Qxf6 21.Nb3 Qe5 22.e4 Nxb3+
23.Qxb3 fxe4 24.Nxe4 Bxe4 25.fxe4 Rf2 26.Bf3 Rc8 27.Rdf1 Rxc4+ 28.Kb1 Rcc2
29.Qxc2 Rxc2 30.Kxc2 Bf6 { ...0-1, Radziewicz Iweta 2407 - Pilgaard Kim 2437 ,
Budapest 2002 It (cat.7) } ) 11...Nc6 12.e4 { N } ( 12.g4 Nf6 13.Bxf6 Bxf6
14.Ng5 Bxg5+ 15.hxg5 Qxg5+ 16.e3 h6 17.f4 Qxg4 18.Be2 Qg3 19.Qd2 Na5 20.Kc2
Bxh1 21.Rxh1 Rac8 22.b3 d5 23.cxd5 exd5 24.Kb2 Rxc3 25.Kxc3 Re8 { 0-1,
Svetushkin Dmitry 2491 - Ionescu Constantin 2483 , Bucharest 2002 It Copa
Supercom } ) 12...Nf6 13.e5 Ng4 14.Bf4 Rc8 15.Kb1 f5 16.exf6 Nxf6 17.Ng5 Qe8
18.Nb5 e5 19.Bd3 { ?! } ( 19.Bg3 { !? } 19...a6 20.Nd6 Bxd6 21.Rxd6 { } )
19...e4 { ? } ( { ? } 19...exf4 20.Bxh7+ Kh8 21.Rhe1 Qh5 { } ) 20.Be2 h6
21.Nd6 Bxd6 22.Bxd6 hxg5 { ? } ( { ? } 22...Ne7 23.c5 hxg5 24.Bxe7 Qxe7 { } )
23.hxg5 Nh7 24.Rxh7 { ! } ( 24.Bxf8 { ? } 24...Nxf8 25.f4 exf3 26.Bxf3 { } )
24...Kxh7 25.Bxf8 Qxf8 { ?! } ( 25...Kg8 { !? } 26.Bd6 Nd8 27.Qd2 Qg6 { } )
26.Qxe4+ Kg8 27.Qd5+ { } {#r} 1-0

[Event "It (open)"]
[Site "masterchessopen.com Szombathely (Hungary)"]
[Round "2"]
[White "Kovacs Tamas (HUN)"]
[Black "Pataki Gyozo (HUN)"]
[Result "0-1"]
[WhiteElo "2188"]
[BlackElo "2321"]

1.d4 Nf6 2.c4 e6 3.Nc3 Bb4 4.Qc2 c5 5.dxc5 O-O 6.Nf3 Na6 7.g3 Nxc5 8.Nd2 Qa5
9.Bg2 Bxc3 10.bxc3 Qc7 11.Ba3 d6 12.Nb3 Bd7 13.Nd4 Rac8 14.O-O Rfd8 15.Rab1 b6
16.Nb5 Bxb5 17.cxb5 d5 18.Rfd1 Nce4 19.Bb2 Qc5 20.e3 Qxb5 21.Rd4 Nxc3 22.Bf1
Nxb1 {#R} 0-1

[Event "Ch Poland (team) (1 liga)"]
[Site "masterchessopen.com Ustron (Poland)"]
[Round "0"]
[White "Szymanski Marcin (POL)"]
[Black "Kaszowski Dariusz (POL)"]
[Result "1-0"]
[WhiteElo "2414"]
[BlackElo "2283"]

1.d4 Nf6 2.c4 e6 3.Nc3 Bb4 4.Qc2 c5 5.dxc5 O-O 6.a3 Bxc5 7.Nf3 b6 8.Bg5 Bb7
9.e4 h6 10.Bh4 Be7 11.Rd1 Nh5 12.Bxe7 Qxe7 13.Be2 Nf4 14.O-O Nc6 15.Qd2 Nxe2+
16.Qxe2 Rfd8 17.Nd4 d6 18.Nxc6 Bxc6 19.Rd4 Rd7 20.Rfd1 Rad8 21.h3 Qg5 22.Qd2
Qxd2 23.R1xd2 Kf8 24.f3 Ke7 25.Kf2 Rb8 26.b4 Rdd8 27.Nd1 Rbc8 28.Ne3 Bb7
29.Rc2 Ba6 30.a4 Bb7 31.Rb2 {#r} 1-0

[Event "It (open)"]
[Site "masterchessopen.com Vienna (Austria)"]
[Round "1"]
[White "Miniboeck Guenter (AUT)"]
[Black "Jethan Martin (AUT)"]
[Result "1-0"]
[WhiteElo "2345"]
[BlackElo "2053"]

1.d4 Nf6 2.c4 e6 3.Nc3 Bb4 4.Qc2 c5 5.dxc5 O-O 6.a3 Bxc5 7.Nf3 Be7 8.Bg5 h6
9.Bh4 b6 10.e4 d6 11.Rd1 Nh5 12.Bxe7 Qxe7 13.Qd2 d5 14.cxd5 exd5 15.Qxd5 Nf6
16.Qxa8 Bb7 17.Qxa7 Nxe4 18.Be2 Nxc3 19.bxc3 Re8 20.O-O Qc7 21.Nd4 Nd7 22.Bf3
{#r} 1-0

[Event "It (open)"]
[Site "masterchessopen.com Tapolca (Hungary)"]
[Date "2003.01.07"]
[Round "5"]
[White "Jakab Attila (HUN)"]
[Black "Nagy Zoltan_ (HUN)"]
[Result "1-0"]
[WhiteElo "2402"]
[BlackElo "1979"]

1.d4 Nf6 2.c4 e6 3.Nc3 Bb4 4.Qc2 c5 5.dxc5 O-O 6.Nf3 Bxc5 7.Bf4 Nh5 8.Bg3 Nxg3
9.hxg3 f5 10.g4 Na6 11.gxf5 exf5 12.e3 Nc7 13.Bd3 g6 14.O-O-O d6 15.Rh6 a6
16.Rdh1 Rf7 17.Ne2 Qf6 18.Ng3 b5 19.Nh5 Qe7 20.Nf4 Rg7 21.e4 Bb7 22.exf5 Rf8
23.Nxg6 Rxg6 24.fxg6 {#r} 1-0

[Event "It (open)"]
[Site "masterchessopen.com Dresden (Germany)"]
[Date "2003.07.27"]
[Round "3"]
[White "Gerstner Bernhard (GER)"]
[Black "Palac Mladen (CRO)"]
[Result "0-1"]
[WhiteElo "2066"]
[BlackElo "2543"]

1.d4 Nf6 2.c4 e6 3.Nc3 Bb4 4.Qc2 c5 5.dxc5 O-O 6.a3 Bxc5 7.Nf3 b6 8.Bg5 Bb7
9.e4 h6 10.Bh4 Be7 11.Be2 d6 12.O-O a6 13.Rfd1 Qc7 14.Rac1 Nbd7 15.Nd2 Rac8
16.Qb1 Qb8 17.b4 g5 18.Bg3 Ne5 19.Na4 Nfd7 20.f3 Bf6 21.Nb3 Rfd8 22.Bf2 Bc6
23.Nc3 Ba8 24.c5 bxc5 25.Bxa6 Bb7 26.Bxb7 Qxb7 27.bxc5 dxc5 28.Qc2 Qa6 29.a4
c4 30.Nd2 Nd3 31.Rb1 Nxf2 32.Kxf2 Nc5 {#R} 0-1

[Event "Bayern Landesliga South 2003/04"]
[Site "masterchessopen.com Bayern (Germany)"]
[Date "2003.11.02"]
[Round "2"]
[White "Gerstner Bernhard (GER)"]
[Black "Marquardt Christian (GER)"]
[Result "0-1"]
[WhiteElo "2066"]
[BlackElo "2071"]

1.d4 Nf6 2.c4 e6 3.Nc3 Bb4 4.Qc2 c5 5.dxc5 O-O 6.Nf3 Nc6 7.a3 Bxc5 8.Bg5 h6
9.Bh4 Be7 10.Rd1 Qa5 11.e4 Rd8 12.Be2 d5 13.O-O d4 14.Nb5 a6 15.Nbxd4 Nxd4
16.Nxd4 Bd7 17.Nf3 g5 18.Bg3 Ba4 19.b3 Bc6 20.e5 Ne4 21.a4 Bc5 22.Rd3 h5
23.Qc1 h4 24.Nxg5 hxg3 25.Nxe4 gxh2+ 26.Kh1 Bxe4 27.Rh3 Qd2 {#R} 0-1

[Event "Ch Slovakia (team) 2003/04 (1 liga) West"]
[Site "masterchessopen.com Slovakia"]
[Round "9"]
[White "Prievalsky J"]
[Black "Harasta Vladimir (SVK)"]
[Result "0-1"]
[WhiteElo "2240"]
[BlackElo "2140"]

1.d4 Nf6 2.c4 e6 3.Nc3 Bb4 4.Qc2 c5 5.dxc5 O-O 6.Bg5 Na6 7.a3 Qa5 8.Bxf6 gxf6
9.Rc1 Bxc3+ 10.Qxc3 Qxc3+ 11.Rxc3 Nxc5 12.b4 Na4 13.Rf3 a5 14.b5 f5 15.g4 fxg4
16.Rg3 b6 17.Bg2 Ra7 18.h3 Rc7 19.Be4 f5 20.Bd3 Bb7 21.f3 f4 22.Rxg4+ Kh8
23.h4 Nb2 24.Nh3 Nxd3+ {#R} 0-1

[Event "It (open)"]
[Site "masterchessopen.com Chennai (India)"]
[Date "2004.01.21"]
[Round "1"]
[White "Ravi Teja S (IND)"]
[Black "Shetty Rahul (IND)"]
[Result "0-1"]
[WhiteElo "2075"]
[BlackElo "2369"]

1.d4 Nf6 2.c4 e6 3.Nc3 Bb4 4.Qc2 c5 5.dxc5 O-O 6.Nf3 Na6 7.a3 Bxc3+ 8.Qxc3
Nxc5 9.e3 a5 10.b3 d6 11.Bb2 e5 12.Be2 Qb6 13.Nd2 Bf5 14.f3 Rfe8 15.e4 Bg6
16.Qe3 d5 17.cxd5 Nxd5 18.exd5 Nd3+ 19.Qxd3 Bxd3 20.Bxd3 Qe3+ 21.Be2 Rad8
22.d6 b5 23.Rc1 Rxd6 24.Ne4 Rd3 25.Rc3 Red8 26.Rxd3 Rxd3 27.Ng3 Rxb3 28.Nf1
Qc5 {#R} 0-1

[Event "Ch Turkey"]
[Site "masterchessopen.com Kusadasi (Turkey)"]
[Date "2004.03.07"]
[Round "12"]
[White "Kayaman Metin (TUR)"]
[Black "Keler Faruk (TUR)"]
[Result "0-1"]
[WhiteElo "1985"]
[BlackElo "2172"]

1.d4 Nf6 2.c4 e6 3.Nc3 Bb4 4.Qc2 c5 5.dxc5 O-O 6.Nf3 Bxc5 7.Bg5 b6 8.e3 Bb7
9.Be2 Be7 10.O-O d6 11.Rfd1 a6 12.Nd4 Qc7 13.Rac1 Nbd7 14.e4 Rac8 15.Qb1 Qb8
16.f3 Rfe8 17.Be3 Bf8 18.Nc2 d5 19.cxd5 exd5 20.exd5 Rxe3 21.Nxe3 Bc5 22.Kf2
Qf4 23.Qd3 Bxe3+ {#R} 0-1

[Event "Ch Ukraine (1/2 final)"]
[Site "masterchessopen.com Alushta (Ukraine)"]
[Date "2004.05.10"]
[Round "7"]
[White "Truskavetsky Alexandr (UKR)"]
[Black "Dumansky Yaroslav (UKR)"]
[Result "0-1"]
[WhiteElo "2364"]
[BlackElo "2369"]

1.d4 Nf6 2.c4 e6 3.Nc3 Bb4 4.Qc2 c5 5.dxc5 O-O 6.a3 Bxc5 7.Nf3 b6 8.Bg5 Bb7
9.e4 h6 10.Bh4 Be7 11.Be2 Nh5 12.Bxe7 Qxe7 13.Qd2 Nf6 14.e5 Ne4 15.Nxe4 Bxe4
16.O-O Nc6 17.Rfd1 Rfd8 18.Qe3 Bxf3 19.Bxf3 Rac8 20.b4 Qg5 21.Qxg5 hxg5
22.Bxc6 Rxc6 23.Rac1 Kf8 24.Kf1 Ke7 25.Rd4 f6 26.Ke2 fxe5 27.Rg4 d5 28.Rxg5
Kf6 29.Rg4 Rdc8 30.Rc3 e4 31.f3 exf3+ 32.Kxf3 Rxc4 {#R} 0-1

[Event "It (open)"]
[Site "masterchessopen.com Essen (Germany)"]
[Date "2004.05.19"]
[Round "1"]
[White "Eismont Igor (GER)"]
[Black "Schaefer Michael (GER)"]
[Result "1-0"]
[WhiteElo "2290"]
[BlackElo "2192"]

1.d4 Nf6 2.c4 e6 3.Nc3 Bb4 4.Qc2 c5 5.dxc5 O-O 6.Nf3 Bxc5 7.Bg5 d6 8.e3 Nbd7
9.a3 a5 10.Be2 h6 11.Bh4 Qc7 12.O-O Qb6 13.Rab1 Qc7 14.b4 axb4 15.axb4 Ba7
16.Bg3 e5 17.Rfd1 Qc6 18.Ra1 {#r} 1-0

[Event "It (blitz) (qual)"]
[Site "masterchessopen.com Internet"]
[Date "2004.06.02"]
[Round "2"]
[White "Kiriakov Petr (RUS)"]
[Black "Macieja Bartlomiej (POL)"]
[Result "0-1"]
[WhiteElo "2555"]
[BlackElo "2613"]

1.d4 Nf6 2.c4 e6 3.Nc3 Bb4 4.Qc2 c5 5.dxc5 O-O 6.a3 Bxc5 7.Nf3 b6 8.Bg5 Bb7
9.e4 h6 10.Bh4 Be7 11.Rd1 Nh5 12.Bxe7 Qxe7 13.Qd2 d5 14.e5 dxc4 15.Be2 f6
16.Nh4 Qf7 17.Nb5 fxe5 18.O-O Nf4 19.Nd6 Qf6 20.Nxb7 Qxh4 21.Bf3 Na6 22.g3
Nh3+ 23.Kg2 Qf6 24.Bc6 Rac8 25.Qd6 Ng5 26.h4 Nf7 27.Qd7 Rc7 {#R} 0-1

[Event "Tournament (Elo)"]
[Site "masterchessopen.com Mulhouse (France)"]
[Date "2004.07.05"]
[Round "7"]
[White "Ducloux Gerald (FRA)"]
[Black "Mathis Julien (FRA)"]
[Result "1-0"]
[WhiteElo "2133"]
[BlackElo "1850"]

1.d4 Nf6 2.c4 e6 3.Nc3 Bb4 4.Qc2 c5 5.dxc5 O-O 6.e3 Nc6 7.Nf3 Bxc5 8.a3 b6
9.Be2 Bb7 10.O-O Qc7 11.b4 Be7 12.Nb5 Qb8 13.Nbd4 Qc7 14.Bb2 a6 15.Rfd1 d6
16.Rac1 Rac8 17.Bd3 Rfd8 18.Ng5 h6 19.Bh7+ Kh8 20.Nxf7# 1-0

[Event "It \"]
[Site "masterchessopen.com Adelaide (Australia)"]
[Date "2004.07.10"]
[Round "4"]
[White "Rogers Ian (AUS)"]
[Black "Scott Ronald (AUS)"]
[Result "1-0"]
[WhiteElo "2593"]
[BlackElo "2252"]

1.d4 Nf6 2.c4 e6 3.Nc3 Bb4 4.Qc2 c5 5.dxc5 O-O 6.Nf3 Nc6 7.Bg5 Bxc5 8.e3 b6
9.Be2 Be7 10.O-O Bb7 11.a3 Rc8 12.b4 d5 13.Rfd1 Qc7 14.cxd5 Ne5 15.Rac1 Bd6
16.Bxf6 gxf6 17.Nd4 Qe7 18.Qb3 Rxc3 19.Qxc3 Bxd5 20.Nf5 {#r} 1-0

[Event "Ch Scotland"]
[Site "masterchessopen.com Hamilton (Scotland)"]
[Date "2004.07.15"]
[Round "6"]
[White "Rowson Jonathan (SCO)"]
[Black "Grant Jonathan (SCO)"]
[Result "1-0"]
[WhiteElo "2577"]
[BlackElo "2272"]

1.d4 Nf6 2.c4 e6 3.Nc3 Bb4 4.Qc2 c5 5.dxc5 O-O 6.a3 Bxc5 7.Nf3 b6 8.Bf4 Bb7
9.Rd1 Nc6 10.e3 Be7 11.Be2 a6 12.O-O Rc8 13.Qb1 d6 14.b4 Qc7 15.c5 e5 16.Bg5
dxc5 17.Bxf6 Bxf6 18.Nd5 Qd8 19.bxc5 e4 20.Nxb6 Qe7 21.Nxc8 Rxc8 22.Nd2 Nd8
23.Rc1 Be5 24.Rfd1 h5 25.Nc4 Nc6 26.Nd6 Rb8 27.Qa2 Ba8 28.Rb1 Rxb1 29.Qxb1 a5
30.Qb3 g6 31.Nxf7 Kg7 32.Nd6 Bf6 33.Qa4 Qa7 34.Ne8+ {#r} 1-0

[Event "It (open)"]
[Site "masterchessopen.com Balatonlelle (Hungary)"]
[Date "2004.07.25"]
[Round "7"]
[White "Harsanyi Kinga (HUN)"]
[Black "Kragelj Igor (SLO)"]
[Result "0-1"]
[WhiteElo "2083"]
[BlackElo "2241"]

1.d4 Nf6 2.c4 e6 3.Nc3 Bb4 4.Qc2 c5 5.dxc5 O-O 6.a3 Bxc5 7.Bg5 Bxf2+ 8.Kxf2
Ng4+ 9.Ke1 Qxg5 10.Nf3 Qe7 11.e4 Nc6 12.h3 Nge5 13.b4 b6 14.b5 Nxf3+ 15.gxf3
Nd4 16.Qd3 Nb3 17.Rb1 Nc5 18.Qe3 Bb7 19.Rg1 f5 20.e5 f4 21.Qe2 Rf5 22.Rd1 Rc8
23.Rg4 h5 24.Rg1 Kh8 25.Na2 Nb3 26.Nb4 Rc5 27.Nd3 Nd4 28.Nxc5 Nxe2 29.Rxd7
Qxd7 30.Nxd7 Nxg1 {#R} 0-1

[Event "It (open)"]
[Site "masterchessopen.com Castelldefels (Spain)"]
[Date "2004.08.23"]
[Round "6"]
[White "Jerez Perez Alfonso (ESP)"]
[Black "Castaner Halster Xavier (ESP)"]
[Result "1-0"]
[WhiteElo "2434"]
[BlackElo "2130"]

1.d4 Nf6 2.c4 e6 3.Nc3 Bb4 4.Qc2 c5 5.dxc5 O-O 6.a3 Bxc5 7.Nf3 b6 8.Bg5 Be7
9.g3 Bb7 10.Bg2 d6 11.Bxf6 Bxf6 12.Ng5 Bxg5 {#r} 1-0

[Event "Cup Russia \"]
[Site "masterchessopen.com Internet"]
[Date "2004.09.07"]
[Round "0"]
[White "Drozdovskij Yuri (UKR)"]
[Black "Shaposhnikov Evgeny (RUS)"]
[Result "0-1"]
[WhiteElo "2510"]
[BlackElo "2578"]

1.d4 Nf6 2.c4 e6 3.Nc3 Bb4 4.Qc2 c5 5.dxc5 O-O 6.Nf3 Na6 7.g3 Nxc5 8.Bg2 b6
9.O-O Ba6 10.b3 Rc8 11.Bb2 d5 12.Rad1 Qe8 {#R} 0-1

[Event "It"]
[Site "masterchessopen.com Cala d'Or (Spain)"]
[Date "2004.09.14"]
[Round "2"]
[White "Breier Andreas (GER)"]
[Black "Kalinitschew Sergey (GER)"]
[Result "0-1"]
[WhiteElo "2369"]
[BlackElo "2533"]

1.d4 Nf6 2.c4 e6 3.Nc3 Bb4 4.Qc2 c5 5.dxc5 O-O 6.a3 Bxc5 7.e3 b6 8.Nf3 Bb7
9.Bd3 Nc6 10.b4 Be7 11.Bb2 Rc8 12.Rd1 a6 13.Qe2 d6 14.O-O a5 15.b5 Nb8 16.e4
Nbd7 17.Na4 Qc7 18.Nd4 Ne5 19.f3 Nfd7 20.Rc1 Nxd3 21.Qxd3 Bg5 22.f4 Bf6 23.g4
Nc5 24.Nxc5 bxc5 25.e5 dxe5 26.Ne2 e4 27.Qc2 Bxb2 28.Qxb2 Rfd8 29.f5 e5
30.Rce1 f6 31.Qc2 e3 32.Qc3 Ba8 33.Qxe3 Qb7 34.Qg3 Rd3 {#R} 0-1

[Event "It (open)"]
[Site "masterchessopen.com Athens (Greece)"]
[Date "2004.11.22"]
[Round "7"]
[White "Dobrov Vladimir (RUS)"]
[Black "Socko Bartosz (POL)"]
[Result "0-1"]
[WhiteElo "2487"]
[BlackElo "2570"]

{ } 1.d4 { 1 } 1...Nf6 2.c4 e6 3.Nc3 Bb4 4.Qc2 c5 5.dxc5 O-O 6.Nf3 Na6 7.a3
Bxc3+ 8.Qxc3 Nxc5 9.b4 Nce4 10.Qd4 d6 { =/? } 11.Nd2 ( 11.Ng5 e5 12.Qd3 Nxg5
13.Bxg5 h6 14.Bd2 d5 15.cxd5 Qxd5 16.Qxd5 Nxd5 17.g3 Be6 18.Bg2 Rfd8 19.f4
exf4 20.gxf4 Bf5 21.Rg1 Rd7 22.Rc1 Re8 23.Rc5 Be4 24.Bh3 f5 25.Kf2 Kf7 26.Bc1
g6 27.Rd1 Red8 28.Ke1 Rd6 29.Bf1 Ke8 30.e3 g5 { ...1-0, Van Wely Loek 2643 -
Wahls Matthias 2568 , Germany 2000 Bundesliga 1999/00 } ) ( 11.e3 e5 12.Qd3 a5
13.b5 b6 14.Be2 Nc5 15.Qc2 Nfe4 16.Nd2 Bb7 17.O-O Qg5 18.Nf3 Qg6 19.Ne1 f5
20.f3 Ng5 21.Bb2 Qh6 22.Rd1 Rad8 23.Kh1 Nge6 24.Bc1 Qh4 25.Nd3 Rf6 26.g3 Qh5
27.Nxc5 Nxc5 28.Kg1 Qh3 29.Rf2 e4 30.f4 Nd3 { ...1/2-1/2, Westlund Jan 2159 -
Welin Thomas 2375 , Sweden 1998 Ch Sweden (team) 1998/99 } ) 11...e5 { }
12.Qd3 { N } ( 12.Qb2 Be6 13.c5 dxc5 14.Nxe4 Nxe4 15.Qxe5 Bb3 16.Bh6 gxh6
17.Qxe4 Qf6 18.Rc1 Rad8 19.f3 c4 20.Qe3 Rfe8 21.Qc3 Rd1+ 22.Kf2 Qb6+ 23.Kg3
Re3 24.Qa1 Rxc1 25.Qxc1 c3 26.h4 Qd4 27.Kf2 c2 28.Rh3 Re6+ { 0-1, Meissner
Bernd-Guenther 2372 - Graf Alexander 2642 , Germany 2000 Bundesliga 2000/01 }
) ( 12.Qe3 Nxd2 13.Bxd2 Re8 14.Qd3 Be6 15.e4 Rc8 16.Rc1 Re7 17.Rc3 Rec7 18.Qc2
b5 19.c5 dxc5 20.bxc5 Qd4 21.Bxb5 Nxe4 { 0-1, Wright William 2192 - Ashley
Maurice 2485 , Philadelphia 2002 It "World Open" } ) 12...Bf5 13.f3 { ? } ( {
? } 13.Nxe4 Bxe4 14.Qd2 Rc8 15.f3 { } ) 13...Nxd2 { ? } ( { ? } 13...Ng3 14.e4
Nxh1 15.exf5 Qb6 { } ) 14.Qxd2 Be6 15.e4 Rc8 16.Qc3 Bxc4 17.Bxc4 d5 18.Qxe5
Re8 19.Qd4 { ? } ( { ? } 19.Qg5 Rxc4 20.O-O dxe4 21.fxe4 { } ) 19...Rxc4
20.Qxa7 { ?! } ( 20.Qf2 { !? } 20...dxe4 21.O-O exf3 22.Bg5 { } ) 20...dxe4
21.O-O exf3 22.gxf3 Qd3 23.Ra2 Qb1 24.Raf2 Rxc1 25.Qxb7 Qg6+ { } {#R} 0-1

[Event "Ch City"]
[Site "masterchessopen.com Naberezhnye Chelny (Russia)"]
[Round "6"]
[White "Dimukhametov Artur (RUS)"]
[Black "Murzin Lenar (RUS)"]
[Result "0-1"]
[WhiteElo "2191"]
[BlackElo "2231"]

1.d4 Nf6 2.c4 e6 3.Nc3 Bb4 4.Qc2 c5 5.dxc5 O-O 6.Bg5 h6 7.Bh4 Bxc5 8.Nf3 b6
9.e3 Bb7 10.Bd3 Be7 11.a3 d6 12.O-O-O Nbd7 13.Nd4 Rc8 14.Rhg1 Ne5 15.h3 Nxc4
16.g4 g5 17.Bxc4 Rxc4 18.Nxe6 fxe6 19.Qg6+ Kh8 20.Qxh6+ Nh7 21.Bg3 Qc8 22.Rd2
Rxc3+ 23.bxc3 Qxc3+ 24.Rc2 Qa1+ 25.Kd2 Qxg1 26.Rc7 Rxf2+ 27.Bxf2 Qxf2+ 28.Kd3
Ba6+ 29.Kc3 Bf6+ {#R} 0-1